|
|
|
|
| LEADER |
01027nam a2200337 4500 |
| 001 |
DLU030025498 |
| 005 |
##20010404075230.0 |
| 008 |
##000407s2001 enka b 001 0 eng |
| 010 |
# |
# |
|a 00030072
|
| 020 |
# |
# |
|a 1852332182 (alk. paper)
|
| 040 |
# |
# |
|a DLC
|c DLC
|d DLC
|
| 042 |
# |
# |
|a pcc
|
| 050 |
# |
# |
|a TA1634
|b .W54 2000
|
| 082 |
# |
# |
|a 006.37
|b WH-P
|
| 100 |
# |
# |
|a Whelan, Paul F.,
|d 1963-
|
| 245 |
# |
# |
|a Machine vision algorithms in Java :
|b techniques and implementation /
|c Paul F. Whelan and Derek Molloy.
|
| 260 |
# |
# |
|a London;
|a New York :
|b Springer,
|c 2001.
|
| 300 |
# |
# |
|a xvii, 284 p. :
|b ill. ;
|c 24 cm.
|
| 504 |
# |
# |
|a Includes bibliographical references (p. [273]-277) and index.
|
| 650 |
# |
# |
|a Computer algorithms.
|
| 650 |
# |
# |
|a Computer vision.
|
| 650 |
# |
# |
|a Java (Computer program language)
|
| 700 |
# |
# |
|a Molloy, Derek,
|d 1973-
|
| 994 |
# |
# |
|a DLU
|
| 900 |
# |
# |
|a True
|
| 911 |
# |
# |
|a Lê Thị Mạnh Xuân
|
| 925 |
# |
# |
|a G
|
| 926 |
# |
# |
|a A
|
| 927 |
# |
# |
|a SH
|
| 980 |
# |
# |
|a Thư viện Trường Đại học Đà Lạt
|